[Event "ECU Clasif2 U20"]
[Site "Chess.com INT"]
[Date "2020.12.18"]
[Round "3"]
[White "Espichan Serna, Luis Ricardo"]
[Black "Oviedo Carrillo, Tamia Salome"]
[Result "0-1"]
[WhiteElo "1019"]
[BlackElo "1257"]
[PlyCount "102"]
[EventDate "2020.12.18"]
[EventType "swiss"]
[EventRounds "9"]
[EventCountry "ECU"]
[SourceTitle "EXT 2022"]
[Source "ChessBase"]
[SourceDate "2021.10.06"]
[SourceVersion "1"]
[SourceVersionDate "2021.10.06"]
[SourceQuality "1"]

1. e4 c5 2. Nf3 e6 3. d4 cxd4 4. Nxd4 a6 5. Nc3 Qc7 6. Bd3 Nf6 7. Be3 d6 8. 0-0 b5 9. a3 Be7 10. Re1 0-0 11. h3 Nbd7 12. Qd2 Bb7 13. Rad1 Nc5 14. Bg5 Rad8 15. Nf3 h6 16. Bf4 e5 17. Be3 Ncxe4 18. Nxe4 Bxe4 19. Bb6 Qxb6 20. Bxe4 d5 21. Bf5 e4 22. Nd4 Bc5 23. c3 Bxd4 24. Qxd4 Qxd4 25. Rxd4 Rd6 26. Red1 Rfd8 27. h4 g6 28. Bh3 Nh5 29. g3 Ng7 30. b3 Ne6 31. Bxe6 fxe6 32. c4 bxc4 33. bxc4 Kf7 34. Kf1 Kf6 35. Ke2 Ke5 36. cxd5 exd5 37. f3 exf3+ 38. Kxf3 Rf8+ 39. Ke3 Rb8 40. R1d3 Rb2 41. Kf3 Rf6+ 42. Ke3 Rd6 43. Kf3 Rb5 44. g4 Rf6+ 45. Kg3 Rf1 46. Rd2 Rg1+ 47. Kf2 Rh1 48. Kg2 Rxh4 49. Kg3 g5 50. Rd1 Rb3+ 51. R4d3 Rxd3+ 0-1

[Event "ECU Clasif1 U20"]
[Site "Chess.com INT"]
[Date "2020.12.17"]
[Round "5"]
[White "Oviedo Carrillo, Tamia Salome"]
[Black "Gruezo Garcia, Laia Ainara"]
[Result "1-0"]
[WhiteElo "1257"]
[BlackElo "1087"]
[PlyCount "39"]
[EventDate "2020.12.17"]
[EventType "swiss"]
[EventRounds "9"]
[EventCountry "ECU"]
[SourceTitle "EXT 2022"]
[Source "ChessBase"]
[SourceDate "2021.10.06"]
[SourceVersion "1"]
[SourceVersionDate "2021.10.06"]
[SourceQuality "1"]

1. e4 e6 2. d4 b6 3. Nd2 Bb7 4. Bd3 c5 5. c3 cxd4 6. cxd4 Bb4 7. Ngf3 Ne7 8. 0-0 0-0 9. a3 Bxd2 10. Bxd2 Ng6 11. Rc1 Nc6 12. Be3 Rc8 13. d5 Nce5 14. d6 Nxf3+ 15. Qxf3 Ne5 16. Qe2 Rc6 17. Rxc6 Bxc6 18. Rc1 Qf6 19. Bd4 Qg5 20. Rf1 1-0

[Event "ECU Clasif1 U20"]
[Site "Chess.com INT"]
[Date "2020.12.17"]
[Round "8"]
[White "Oviedo Carrillo, Tamia Salome"]
[Black "Nunez Giler, Fanny Cecilia"]
[Result "0-1"]
[WhiteElo "1257"]
[BlackElo "1760"]
[PlyCount "136"]
[EventDate "2020.12.17"]
[EventType "swiss"]
[EventRounds "9"]
[EventCountry "ECU"]
[SourceTitle "EXT 2022"]
[Source "ChessBase"]
[SourceDate "2021.10.06"]
[SourceVersion "1"]
[SourceVersionDate "2021.10.06"]
[SourceQuality "1"]

1. e4 c5 2. Nc3 Nc6 3. g3 g6 4. Bg2 Bg7 5. d3 d6 6. Be3 Nf6 7. h3 0-0 8. Nge2 a6 9. 0-0 b5 10. Qd2 b4 11. Nd1 Nd7 12. f4 Nd4 13. g4 f5 14. gxf5 gxf5 15. exf5 Nxf5 16. Kh2 Rb8 17. Rb1 e6 18. Rg1 Qh4 19. Bf2 Qe7 20. Ng3 Nxg3 21. Bxg3 Nf6 22. Nf2 Rb7 23. Ne4 Rb8 24. Nxf6+ Qxf6 25. Be4 Bb7 26. Qe2 Bxe4 27. dxe4 a5 28. Qg4 Kh8 29. b3 Qc3 30. Qe2 Rg8 31. Be1 Qf6 32. Qe3 Rbf8 33. Bg3 Qd4 34. Qxd4 Bxd4 35. Rgf1 Rg7 36. Rbe1 Rfg8 37. Rf3 h5 38. Ref1 Kh7 39. Bf2 Rg2+ 40. Kh1 Bxf2 41. R3xf2 Rxf2 42. Rxf2 Rg3 43. Kh2 Re3 44. Rd2 Rxe4 45. Rxd6 Re2+ 46. Kg3 Rxc2 47. Rxe6 Rxa2 48. Re5 Ra3 49. Rxh5+ Kg6 50. Rxc5 Rxb3+ 51. Kg4 a4 52. h4 a3 53. h5+ Kh7 54. Kg5 a2 55. Rc7+ Kg8 56. Kg6 Rg3+ 57. Kh6 a1Q 58. Rc8+ Kf7 59. Rc7+ Ke6 60. Rc6+ Kd5 61. Rc7 Qf6+ 62. Kh7 Qxf4 63. Rd7+ Ke6 64. Ra7 Qf5+ 65. Kh8 Qf6+ 66. Kh7 Qf5+ 67. Kh8 Qxh5+ 68. Rh7 Qe8# 0-1

[Event "ECU-ch Schools U15 Girls Clas1"]
[Site "Chess.com INT"]
[Date "2020.11.05"]
[Round "9"]
[White "Rodriguez Zamora, Hanna Gabriela"]
[Black "Oviedo Carrillo, Tamia Salome"]
[Result "1-0"]
[WhiteElo "1309"]
[BlackElo "1257"]
[PlyCount "63"]
[EventDate "2020.11.05"]
[EventType "swiss"]
[EventRounds "9"]
[EventCountry "ECU"]
[SourceTitle "EXT 2022"]
[Source "ChessBase"]
[SourceDate "2021.10.06"]
[SourceVersion "1"]
[SourceVersionDate "2021.10.06"]
[SourceQuality "1"]

1. Nf3 f5 2. c4 Nf6 3. Nc3 e6 4. b3 Nc6 5. Bb2 d6 6. e3 b6 7. Be2 Bb7 8. d4 h6 9. Nh4 Ne7 10. Bh5+ Kd7 11. Bf3 Bxf3 12. Nxf3 g5 13. d5 e5 14. Nd2 Ng6 15. Qc2 e4 16. 0-0-0 Kc8 17. f3 Ne7 18. fxe4 fxe4 19. Ncxe4 Nxe4 20. Nxe4 Rg8 21. Nf6 Rg6 22. Rhf1 Bg7 23. Ng4 Bxb2+ 24. Kxb2 Qh8+ 25. Qc3 Qg8 26. Rf6 Rxf6 27. Qxf6 Qe8 28. Qxh6 Nf5 29. Qe6+ Qd7 30. Qxd7+ Kxd7 31. Rf1 Ng7 32. Rf7+ 1-0

[Event "ECU-ch U20 Girls"]
[Site "Guayaquil"]
[Date "2020.02.20"]
[Round "3"]
[White "Oviedo Carrillo, Tamia Salome"]
[Black "Nunez Giler, Fanny Cecilia"]
[Result "0-1"]
[WhiteElo "1147"]
[BlackElo "1736"]
[PlyCount "45"]
[EventDate "2020.02.19"]
[EventType "swiss"]
[EventRounds "9"]
[EventCountry "ECU"]
[SourceTitle "CBM 195 Extra"]
[Source "ChessBase"]
[SourceDate "2020.05.31"]
[SourceVersion "1"]
[SourceVersionDate "2020.05.31"]
[SourceQuality "1"]

1. e4 c5 2. Nc3 Nc6 3. g3 g6 4. Bg2 Bg7 5. d3 d6 6. Be3 e6 7. Qd2 Rb8 8. Nd1 b5 9. Ne2 b4 10. f4 Nge7 11. 0-0 0-0 12. g4 Qc7 13. e5 dxe5 14. Bxc5 a5 15. Bxc6 Nxc6 16. Bxf8 Kxf8 17. Rb1 Bb7 18. Ne3 exf4 19. Nxf4 Nd4 20. Nc4 Nf3+ 21. Rxf3 Bxf3 22. Rf1 Bd4+ 23. Ne3 0-1

[Event "ECU-ch U20 Girls"]
[Site "Guayaquil"]
[Date "2020.02.20"]
[Round "4"]
[White "Sanchez Gonzalez, Eliana Valenti"]
[Black "Oviedo Carrillo, Tamia Salome"]
[Result "1-0"]
[WhiteElo "1399"]
[BlackElo "1147"]
[PlyCount "66"]
[EventDate "2020.02.19"]
[EventType "swiss"]
[EventRounds "9"]
[EventCountry "ECU"]
[SourceTitle "CBM 195 Extra"]
[Source "ChessBase"]
[SourceDate "2020.05.31"]
[SourceVersion "1"]
[SourceVersionDate "2020.05.31"]
[SourceQuality "1"]

1. e4 c5 2. Nf3 e6 3. Nc3 a6 4. d4 cxd4 5. Nxd4 Qc7 6. Be3 Nf6 7. Nf3 Bb4 8. Bd2 0-0 9. Bd3 b6 10. 0-0 Bb7 11. Re1 Be7 12. h3 d6 13. e5 Nd5 14. Nxd5 Bxd5 15. exd6 Bxd6 16. Ng5 h6 17. Ne4 Be5 18. Nc3 Bb7 19. Qg4 Kh8 20. Qh5 Bf4 21. Be3 Nd7 22. Ne4 f5 23. Ng5 Nf6 24. Qh4 Qc6 25. f3 Bxe3+ 26. Rxe3 Rae8 27. Rae1 Bc8 28. f4 Nd5 29. Rg3 Qc5+ 30. Kh2 Ne3 31. Rf1 b5 32. Nf3 Kh7 33. Rc1 Qa7 1-0

[Event "Pan American-ch U14 Girls"]
[Site "Guayaquil"]
[Date "2019.07.26"]
[Round "8"]
[White "Oviedo Carrillo, Tamia Salome"]
[Black "Maldonado Polo, Mariangeli"]
[Result "1-0"]
[WhiteElo "1103"]
[BlackElo "1398"]
[PlyCount "73"]
[EventDate "2019.07.21"]
[EventType "swiss"]
[EventRounds "9"]
[EventCountry "ECU"]
[SourceTitle "EXT 2020"]
[Source "ChessBase"]
[SourceDate "2019.10.17"]
[SourceVersion "1"]
[SourceVersionDate "2019.10.17"]
[SourceQuality "1"]

1. e4 e5 2. Nf3 Nc6 3. Bc4 Bc5 4. c3 Nf6 5. d4 exd4 6. e5 Ng4 7. cxd4 Bb6 8. h3 Nh6 9. Nc3 d6 10. Bb5 Bd7 11. Bxc6 Bxc6 12. d5 Bd7 13. Bg5 Qc8 14. exd6 0-0 15. 0-0 Nf5 16. Ne4 Nxd6 17. Nxd6 cxd6 18. Rc1 Qb8 19. Re1 Re8 20. Re7 Rxe7 21. Bxe7 f6 22. Qe1 Bc5 23. a3 a5 24. Nd2 Qa7 25. Ne4 Re8 26. Nxc5 dxc5 27. d6 b6 28. b4 axb4 29. axb4 cxb4 30. Qxb4 Rc8 31. Rxc8+ Kf7 32. Qc4+ Kg6 33. Rc7 Qa1+ 34. Qc1 Qe5 35. Rxd7 Qe6 36. Rb7 Qb3 37. d7 1-0